| 000 | 00849nam a2200253 i 4500 | ||
|---|---|---|---|
| 001 | 19245 | ||
| 003 | ES-MaACL | ||
| 005 | 20250408063056.0 | ||
| 007 | t| | ||
| 008 | 020610s2001 sp ||||1| spa d | ||
| 020 | _a84-8307-396-X | ||
| 080 | _a929 Cervantes Saavedra, Miguel de | ||
| 100 | 0 |
_aTrapiello, Andrés, _d1953- _9111233 |
|
| 245 | 1 | 4 |
_aLas vidas de Miguel de Cervantes _b: una biografía distinta / _cAndrés Trapiello. |
| 250 | _a1ª ed. en ed. Península. | ||
| 260 |
_aBarcelona : _bPenínsula, _c2001. |
||
| 300 |
_a286 p. ; _c23 cm. |
||
| 490 | 1 |
_aAtalaya ; _v82 |
|
| 500 | _a"Nueva edición, revisada y corregida" en solapa. | ||
| 600 | 1 | 4 |
_aCervantes Saavedra, Miguel de, _d1547-1616- _xBiografías _937596 |
| 830 | 0 |
_aAtalaya ; _v82 _9180261 |
|
| 852 |
_aES-MaACL _jL-25679 _bR.131198 |
||
| 999 |
_c19245 _d19245 |
||